000
00307nam a2200121Ia 4500
008
190216s9999||||xx |||||||||||||| ||und||
100
_a
Keattch Cj&Amp;Dollimore D
245
0
_a
Introduction To Thermogavimetry
260
_b
Heyden Pub
_c
1975
300
_a
164p
650
_a
Chemistry-Chemistry
942
_c
BK
999
_c
2263
_d
2263